000 00956nam0a22002651 4500
001 rc\3229174
005 20250609193224.0
021 _aRU
_b[74-75755]
035 _a(NLR Aleph) 007470471
090 _a7411046
_c7411046
100 _a20130115d1974 |||y0rusy50 ca
101 0 _arus
102 _aRU
105 _aa z |||||
200 1 _aЭкономика использования вертолетов в сельском хозяйстве
210 _aМосква
_cТранспорт
_d1974
215 _a67 с.
_cил.
_d21
606 _aВертолеты
_xПрименение в сельском хозяйстве
_xЭкономическая эффективность
_2psbo
700 1 _aЕремеева
_bВ.И.
_gВера Ивановна
701 1 _aЛегкоступ
_bС.С.
_gСергей Серафимович
801 0 _aRU
_bNLR
_gpsbo
801 1 _aRU
_bELAR
_2rusmarc
852 _aNLR
_j74-6/3467
942 _cBOOK
980 _aNB